<?xml version="1.0" encoding="UTF-8"?><?xml-stylesheet type="text/xsl" href="static/style.xsl"?><OAI-PMH xmlns="http://www.openarchives.org/OAI/2.0/" xmlns:xsi="http://www.w3.org/2001/XMLSchema-instance" xsi:schemaLocation="http://www.openarchives.org/OAI/2.0/ http://www.openarchives.org/OAI/2.0/OAI-PMH.xsd"><responseDate>2026-04-17T14:58:34Z</responseDate><request verb="GetRecord" identifier="oai:www.recercat.cat:20.500.12328/5232" metadataPrefix="marc">https://recercat.cat/oai/request</request><GetRecord><record><header><identifier>oai:recercat.cat:20.500.12328/5232</identifier><datestamp>2026-03-06T10:50:02Z</datestamp><setSpec>com_2072_67741</setSpec><setSpec>col_2072_484352</setSpec></header><metadata><record xmlns="http://www.loc.gov/MARC21/slim" xmlns:dcterms="http://purl.org/dc/terms/" xmlns:xsi="http://www.w3.org/2001/XMLSchema-instance" xmlns:doc="http://www.lyncode.com/xoai" xsi:schemaLocation="http://www.loc.gov/MARC21/slim http://www.loc.gov/standards/marcxml/schema/MARC21slim.xsd">
   <leader>00925njm 22002777a 4500</leader>
   <datafield ind2=" " ind1=" " tag="042">
      <subfield code="a">dc</subfield>
   </datafield>
   <datafield ind2=" " ind1=" " tag="720">
      <subfield code="a">Mas-Machuca, Marta</subfield>
      <subfield code="e">author</subfield>
   </datafield>
   <datafield ind2=" " ind1=" " tag="720">
      <subfield code="a">Akhmedova, Anna</subfield>
      <subfield code="e">author</subfield>
   </datafield>
   <datafield ind2=" " ind1=" " tag="720">
      <subfield code="a">Marimon, Frederic</subfield>
      <subfield code="e">author</subfield>
   </datafield>
   <datafield ind2=" " ind1=" " tag="260">
      <subfield code="c">2024-04</subfield>
   </datafield>
   <datafield ind2=" " ind1=" " tag="520">
      <subfield code="a">Social enterprises (SE) are mission-driven organizations that pursue both: (1) financial&#xd;
independence from grants or charity by achieving at least small profitability, and (2) positive&#xd;
social and / or environmental impact. While the two objectives are mostly framed as&#xd;
contradictory to each other in the recent literature, we scrutinize this assumption in this&#xd;
investigation. We examine how internalization of mission (IM) by employees impacts on&#xd;
employee mission engagement (EME) by employees and how EME is related to the perceived&#xd;
social mission achievement (PSMA), and perceived organization performance (POP) within&#xd;
the social enterprise setting. A sample of 143 social enterprises was used to confirm the scale&#xd;
and validate the model by structural equation modelling. The findings reveal that&#xd;
internalization of mission impacts on EME and that EME, as expected, is related to&#xd;
organizational outcomes: PSMA and POP. Given that PSMA fully mediates POP, we conclude&#xd;
that the social and economic objectives are fully compatible when the social mission is put at&#xd;
the centre. Even more: POP cannot be achieved without PSMA. The lesson learnt is that the&#xd;
social mission works if it is truly internalized. By focusing on internalization of mission, SEs&#xd;
can avoid tensions among social and economic goals. While hybridity (focus on social and&#xd;
economic ends) is what characterises the mission in a social enterprise, the majority of articles&#xd;
still focus just on achieving one end. We provide a conceptual model (and its empirical&#xd;
validation) of how social organizations achieve both: social objectives and business objectives.</subfield>
   </datafield>
   <datafield ind1="8" ind2=" " tag="024">
      <subfield code="a">Mas-Machuca, Marta;  Akhmedova, Anna &amp; Marimon, Frederic. The social mission works: internalizing the mission to achieve organizational performance in social enterprises. Review of Managerial Science, 2024, 18(4), 965-989. Disponible en &lt;https://link.springer.com/article/10.1007/s11846-023-00627-y>. Fecha de acceso: 4 mar. 2026. DOI: 10.1007/s11846-023-00627-y</subfield>
   </datafield>
   <datafield ind1="8" ind2=" " tag="024">
      <subfield code="a">1863-6691</subfield>
   </datafield>
   <datafield ind1="8" ind2=" " tag="024">
      <subfield code="a">https://hdl.handle.net/20.500.12328/5232</subfield>
   </datafield>
   <datafield ind1="8" ind2=" " tag="024">
      <subfield code="a">https://doi.org/10.1007/s11846-023-00627-y</subfield>
   </datafield>
   <datafield tag="653" ind2=" " ind1=" ">
      <subfield code="a">Social mission</subfield>
   </datafield>
   <datafield tag="653" ind2=" " ind1=" ">
      <subfield code="a">Internalization of the mission</subfield>
   </datafield>
   <datafield tag="653" ind2=" " ind1=" ">
      <subfield code="a">Employee mission performance</subfield>
   </datafield>
   <datafield tag="653" ind2=" " ind1=" ">
      <subfield code="a">Employee mission engagement</subfield>
   </datafield>
   <datafield tag="653" ind2=" " ind1=" ">
      <subfield code="a">Social mission achievement</subfield>
   </datafield>
   <datafield tag="653" ind2=" " ind1=" ">
      <subfield code="a">Misión social</subfield>
   </datafield>
   <datafield tag="653" ind2=" " ind1=" ">
      <subfield code="a">Internalización de la misión</subfield>
   </datafield>
   <datafield tag="653" ind2=" " ind1=" ">
      <subfield code="a">Desempeño de la misión por parte de los empleados</subfield>
   </datafield>
   <datafield tag="653" ind2=" " ind1=" ">
      <subfield code="a">Compromiso de los empleados con la misión</subfield>
   </datafield>
   <datafield tag="653" ind2=" " ind1=" ">
      <subfield code="a">Cumplimiento de la misión social</subfield>
   </datafield>
   <datafield tag="653" ind2=" " ind1=" ">
      <subfield code="a">Missió social</subfield>
   </datafield>
   <datafield tag="653" ind2=" " ind1=" ">
      <subfield code="a">Internalització de la missió</subfield>
   </datafield>
   <datafield tag="653" ind2=" " ind1=" ">
      <subfield code="a">Assoliment de la missió per part dels empleats</subfield>
   </datafield>
   <datafield tag="653" ind2=" " ind1=" ">
      <subfield code="a">Compromís dels empleats amb la missió</subfield>
   </datafield>
   <datafield tag="653" ind2=" " ind1=" ">
      <subfield code="a">Assoliment de la missió social</subfield>
   </datafield>
   <datafield ind2="0" ind1="0" tag="245">
      <subfield code="a">The social mission works: internalizing the mission to achieve organizational performance in social enterprises</subfield>
   </datafield>
</record></metadata></record></GetRecord></OAI-PMH>